Are You Smarter Than a College Student? XVIII Quiz Stats

 Plays Quiz Updated Jun 26, 2014

Support Sporcle.
Go Orange.
Score 0/30 Timer 07:00
0 Plays Today
% Correct
Easyqueen
95.4%
Easyquestion
91.7%
Easycroquet
89.1%
Easyequestrian
86.9%
EasyQuébec
86.8%
Easyantique
86%
Easymosque
85.8%
EasyEnrique
80.9%
Easyquesadilla
78.3%
Easyetiquette
73.3%
Mediumtourniquet
59.6%
Mediumbisque
56.9%
MediumAlbuquerque
54.1%
MediumFrère Jacques
54%
Mediumsequence
50.1%
% Correct
Mediumfrequency
48.4%
MediumWilliam the Conqueror
48%
MediumBaroque
47.4%
MediumMozambique
45.9%
MediumBasque
44.7%
Hardcinque
41.8%
Hardoblique
41.8%
Hardqueue
41.5%
HardMarquette
38.9%
Hardsqueeze box
34.5%
HardExchequer
33.9%
Hardgrotesques
33.3%
HardRoquefort
29.5%
HardSqueaky
25.2%
HardPathétique
12.4%

You're not logged in!

Compare scores with friends on all Sporcle quizzes.
OR
Log In

From the Vault

3 TV Shows, 1 Thing In Common II

by Ricky490

All TV shows should have Leslie Nielsen in common.
Remove Ads.
Support Sporcle.
Get the best of Sporcle when you Go Orange. This ad-free experience offers more features, more stats, and more fun while also helping to support Sporcle. Thank you for becoming a member.

Show Comments

Extras

Top Quizzes Today


Score Distribution

Your Account Isn't Verified!

In order to create a playlist on Sporcle, you need to verify the email address you used during registration. Go to your Sporcle Settings to finish the process.

Report this User

Report this user for behavior that violates our Community Guidelines.

Details: